ბათუმის შოთა რუსთაველის სახელმწიფო უნივერსიტეტის ბიბლიოთეკა

ძველი ისტორიის ქრესტომათია / (ბიბ.ჩანაწერი № 56225)

000 -ლიდერი
ფიქსირებული სიგრძის საკონტროლო ველი 01506nam a2200277Ia 4500
001 - საკონტროლო ნომერი
საკონტროლო ველი 23326
003 - საკონტროლო ნომრის იდენტიფიკატორი
საკონტროლო ველი GE_BSU
005 - ბოლო ოპერაციის თარიღი და დრო
საკონტროლო ველი 20251203211931.0
008 - ფიქსირებული სიგრძის მონაცემთა ელემენტები - ზოგადი ინფორმაცია
ფიქსირებული სიგრძის საკონტროლო ველი 181216s1951||||ge |||||||||||||| ||geo||
040 ## - კატალოგიზაციის წყარო
Transcribing agency GE_BSU
041 ## - ენის კოდი
Language code of text/sound track or separate title geo
080 ## - უნივერსალური ათობითი კლასიფიკაციის ინდექსი
Universal Decimal Classification number 94(3)(082) გ-64
100 ## - მთავარი ჩანაწერი - პიროვნების სახელი
Personal name გოზალიშვილი, გ.
9 (RLIN) 26348
245 ## - ცნობა სათაურის შესახებ
Title ძველი ისტორიის ქრესტომათია /
Statement of responsibility, etc გ. გოზალიშვილი ; რედ. აკ. ურუშაძე ; საქ. სსრ განათლების სამინისტრო.
264 ## - წარმოების, გამოცემის, დისტრიბუციის და სხვა ცნობები
გამოცემის, წარმოების, დისტრიბუციის... ადგილი თბილისი :
გამოცემის, წარმოების, დისტრიბუციის... სახელწოდება სამეცნ.-მეთოდ. კაბინეტის გამ-ბა,
გამოცემის, წარმოების, დისტრიბუციის... თარიღი 1951.
300 ## - ფიზიკური აღწერა
Extent 320 გვ. ;
Dimensions 23 სმ.
500 ## - ზოგადი შენიშვნა
General note დანართი : შენიშვნები, გვ. 303-18
653 ## - INDEX TERM--UNCONTROLLED
Uncontrolled term ძველი ისტორიის ქრესტომათია
653 ## - INDEX TERM--UNCONTROLLED
Uncontrolled term ძველი მსოფლიოს ისტორია - ქრესტომათიები
653 ## - INDEX TERM--UNCONTROLLED
Uncontrolled term ძველი რომის ისტორიის წყაროები
653 ## - INDEX TERM--UNCONTROLLED
Uncontrolled term ძველი საბერძნეთის ისტორიის წყაროები
700 ## - ADDED ENTRY--PERSONAL NAME
Personal name ურუშაძე, აკ.
Relator term რედაქტორი
9 (RLIN) 16070
710 ## - ADDED ENTRY--CORPORATE NAME
Corporate name or jurisdiction name as entry element საქ. სსრ განათლების სამინისტრო
9 (RLIN) 8101
942 ## - ADDED ENTRY ELEMENTS (KOHA)
Koha item type წიგნი
Source of classification or shelving scheme
ეგზემპლარები
ჩამოწერის სტატუსი დაკარგული ეგზემპლარის სტატუსი კლასიფიკაციის წყარო ან თაროზე გაწყობის სქემა დაზიანების სტატუსი არ გაიცემა მუდმივი მდებარეობა (დაცვის ადგილი) ამჟამინდელი ადგილსამყოფელი თაროზე განთავსების ადგილი შეძენის თარიღი ღირებულება, შესყიდვის ნორმალური ფასი სრული შენახვის შიფრი შტრიხკოდი ბოლო ოპერაციის თარიღი ეგზემპლარის მიმდევრობითი ნომერი (კეტერი?) ფასის ძალაში შესვლის თარიღი ეგზემპლარის სახეობა საჯარო შენიშვნა
          ბათუმის შოთა რუსთაველის სახელმწიფო უნივერსიტეტის მთავარი ბიბლიოთეკა ბათუმის შოთა რუსთაველის სახელმწიფო უნივერსიტეტის მთავარი ბიბლიოთეკა წიგნსაცავი 2018-12-17 1.20 94(3)(082) გ-64 28272 2018-12-17 28272 2018-12-17 წიგნი 1.20 ₾.